Which country leads Summer Olympics medal table in this sport? - Statistics

General Stats
  • This quiz has been taken 22 times
  • The average score is 24 of 38
Answer Stats
Sport Discipline Country % Correct
Badminton China
95%
Aquatics Swimming United States
95%
Basketball United States
95%
Table Tennis China
89%
Boxing United States
89%
Aquatics Diving China
84%
Athletics United States
84%
Cycling Track Great Britain
79%
Judo Japan
79%
Volleyball Indoor United States
79%
Aquatics Artistic Swimming Russia
74%
Tennis United States
74%
Sailing Great Britain
68%
Archery South Korea
68%
Volleyball Beach United States
68%
Weightlifting China
63%
Canoeing Sprint Germany
63%
Equestrian Germany
63%
Triathlon Great Britain
63%
Football United States
63%
Rowing United States
63%
Shooting United States
63%
Field Hockey Netherlands
58%
Taekwondo South Korea
58%
Gymnastics Trampoline China
53%
Aquatics Water Polo Hungary
53%
Fencing Italy
53%
Wrestling Freestyle United States
53%
Canoeing Slalom France
47%
Cycling Mountain biking France
47%
Cycling Road Netherlands
47%
Gymnastics Rhythmic Russia
47%
Handball Denmark
42%
Cycling BMX racing France
42%
Gymnastics Artistic Soviet Union
42%
Wrestling Greco-Roman Soviet Union
42%
Aquatics Marathon Swimming Netherlands
37%
Modern Pentathlon Hungary
16%
No matching quizzes found
Score Distribution
Percent of People with Each Score
Percentile by Number Answered
Your Score History
You have not taken this quiz